|
|
|
|
| LEADER |
00717nta a2200193 i 4500 |
| 001 |
dipl1723 |
| 005 |
20130314070654.0 |
| 008 |
110329s1999 hu om 0|| hun d |
| 040 |
|
|
|a SZTE Diploma Repozitórium
|b hun
|
| 041 |
|
|
|a hun
|
| 100 |
1 |
|
|a Csiszár Dénes
|
| 245 |
1 |
2 |
|a A mátrix
|h [elektronikus dokumentum] /
|c Dénes Csiszár
|
| 260 |
|
|
|c 1999
|
| 650 |
|
4 |
|a Informatika
|
| 650 |
|
4 |
|a Computer and information sciences
|
| 700 |
0 |
1 |
|a Pollák Tamás
|e ths
|
| 700 |
0 |
1 |
|a Bohus Mihály
|e ths
|
| 856 |
4 |
0 |
|u https://diploma.bibl.u-szeged.hu/id/eprint/1723/1/1999_csiszar_denes_1999_11.pdf
|z Dokumentum-elérés
|
| 856 |
4 |
0 |
|u https://diploma.bibl.u-szeged.hu/id/eprint/1723/2/1999_csiszar_denes_1999_11_biralat.pdf
|z Dokumentum-elérés
|